Треки альбома Гражданской Обороны "Игра в бисер перед свиньями" - Statistics

General Stats
  • This quiz has been taken 8 times
  • The average score is 6 of 13
Answer Stats
Игра в бисер перед свиньями % Correct
Игра в бисер
100%
Детский мир
50%
Зоопарк
50%
Ненавижу красный цвет
50%
Оптимизм
50%
На наших глазах
33%
Чужеродным элементом (Частицей лжи)
33%
Я иллюзорен
33%
КБГ-РОК (РОК-КБГ)
33%
Скоро настанет совсем
33%
Он увидел Солнце
33%
Мама, мама
33%
Убийца
33%
No matching quizzes found
Score Distribution
Percent of People with Each Score
Percentile by Number Answered
Your Score History
You have not taken this quiz